02538nam a22003857a 4500003001000000005001700010007000300027008004100030020001800071040003000089041000800119245013300127260009000260300003100350490001900381505002000400505009000420505003900510505003700549505004000586505003900626505002400665505001900689505002700708505005200735505001700787520104600804650003101850650002101881700003601902700003701938942001501975999001501990952014702005AR-RoUNCS20260514095854.0ta260514s2017 ag a||||r|||| 00| 0 spa d a9789874012371 aAR-RoUNCSbspacAR-RoUNCS aspa03aEl Nunca más : by los crímenes de la dictadura / c[redacción y compilación de Victoria Ginzberg y Alejandra Dandán]. a[Ciudad Autónoma de Buenos Aires] : bMinisterio de Cultura de la Nación,ci2017. a193 p. : bils. ; c23 cm.0 aLibros y casas tEl Nunca más  tLa edición del Informe Nunca más del año 2006, con motivo del 30º aniversario  tPrólogo a la edición original  tI. La represión como método  tII. La muerte como arma política  tIII. La Iglesia. El Plan Cóndor  tIV. Los documentos  tV. Víctimas  tVI. El Poder Judicial  tVII. El respaldo doctrinario de la represión  tConclusiones aEl Nunca más apareció por primera vez el 30 de noviembre de 1984 con los comienzos de la nueva democracia. Desde entonces, marcó la historia de este país como un símbolo de la lucha por la defensa de los derechos humanos. El gobierno del Presidente Raúl Alfonsín pidió a un equipo de personalidades de la cultura y de la ciencia, encabezado por el escritor Ernesto Sabato, una investigación especial sobre los crímenes que se habían cometido durante la última dictadura cívico militar entre 1976 y 1983. Al comienzo, algunas víctimas de la dictadura se acercaron con discreción en busca de un espacio confiable. Luego fueron miles los testimonios. Al caudal de denuncias de Buenos Aires se sumaron las recogidas en distintos puntos del país. De esta manera, se dio inicio al trabajo de la Comisión Nacional sobre la Desaparición de Personas, conocida luego como Conadep. La Conadep escribió un informe de 50 mil páginas en las que se documentaron los datos que la dictadura se había propuesto borrar 72embneaHistoriazArgentina 72embneaDictadura1 aGinzberg, Victoria ecompilador1 aDandán, Alejandra ecompilador 2udccOGn0 c1016d1016 00102udc40708CGaESOCIALESbESOCIALESd2026-05-14eDonación 2026l0o94(82)"1976/1983" N972p000973r2026-05-14 10:02:16w2026-05-14yOG